[Event "Turin olympic op-A"]
[Site "Turin"]
[Date "2006.05.26"]
[Round "5"]
[White "Zuluaga Mancilla, Cesar"]
[Black "Simonenko, Sergei"]
[Result "0-1"]
[WhiteElo "2226"]
[BlackElo "2409"]
[PlyCount "59"]
[EventDate "2006.05.22"]
[EventType "swiss"]
[EventRounds "9"]
[EventCountry "ITA"]
[SourceTitle "EXT 2011"]
[Source "ChessBase"]
[SourceDate "2010.11.26"]
[SourceVersion "1"]
[SourceVersionDate "2010.11.26"]
[SourceQuality "1"]

1. d4 d5 2. Nf3 Nf6 3. c4 dxc4 4. Nc3 a6 5. a4 Nc6 6. Bg5 h6 7. Bf4 Bg4 8. e3 Na5 9. Be2 Bxf3 10. Bxf3 e6 11. e4 Nb3 12. Be3 Nxa1 13. Qxa1 c6 14. 0-0 Bb4 15. Rd1 Qa5 16. d5 Bxc3 17. bxc3 exd5 18. exd5 cxd5 19. Qa3 0-0-0 20. Rb1 Rhe8 21. Bd4 Re6 22. g3 h5 23. Kg2 g6 24. h3 Ne4 25. Qa2 Rd7 26. h4 Nc5 27. Bxc5 Qxc5 28. Qd2 b6 29. Rd1 Kc7 30. Qf4+ 0-1

[Event "Turin olympic op-A"]
[Site "Turin"]
[Date "2006.05.23"]
[Round "2"]
[White "Simonenko, Sergei"]
[Black "Saccona, Silvano"]
[Result "1-0"]
[WhiteElo "2409"]
[BlackElo "2162"]
[PlyCount "91"]
[EventDate "2006.05.22"]
[EventType "swiss"]
[EventRounds "9"]
[EventCountry "ITA"]
[SourceTitle "EXT 2011"]
[Source "ChessBase"]
[SourceDate "2010.11.26"]
[SourceVersion "1"]
[SourceVersionDate "2010.11.26"]
[SourceQuality "1"]

1. Nf3 d5 2. d4 c6 3. c4 Nf6 4. Qc2 e6 5. g3 Nbd7 6. Bg2 Be7 7. 0-0 Ne4 8. Nfd2 Nd6 9. e4 dxe4 10. Nxe4 Nxe4 11. Qxe4 Nf6 12. Qe3 0-0 13. Nc3 Re8 14. Rd1 Qa5 15. Bd2 Qc7 16. Rac1 Bf8 17. h3 Bd7 18. Qf3 Qb6 19. Bg5 Be7 20. c5 Qd8 21. b4 Nd5 22. Bxe7 Qxe7 23. Ne4 Reb8 24. a3 Qd8 25. Nd6 Qf8 26. Qe2 b5 27. Re1 a5 28. Bxd5 exd5 29. Kg2 Ra7 30. Rc3 Qd8 31. Re3 Be6 32. f4 g6 33. g4 axb4 34. f5 Bd7 35. fxg6 hxg6 36. Nxf7 Qh4 37. Ne5 Kg7 38. Nf3 Qf6 39. Re7+ Kg8 40. Qe5 Qxe5 41. Nxe5 bxa3 42. Nxd7 Rbb7 43. Re8+ Kh7 44. R1e7+ Kh6 45. Rh8+ Kg5 46. Re5+ 1-0

[Event "Dubai op 08th"]
[Site "Dubai"]
[Date "2006.04.30"]
[Round "8"]
[White "Sethuraman, SP."]
[Black "Simonenko, Sergei"]
[Result "1-0"]
[WhiteElo "2231"]
[BlackElo "2409"]
[PlyCount "75"]
[EventDate "2006.04.23"]
[EventType "swiss"]
[EventRounds "9"]
[EventCountry "UAE"]
[SourceTitle "EXT 2007"]
[Source "ChessBase"]
[SourceDate "2006.11.23"]
[SourceVersion "1"]
[SourceVersionDate "2006.11.23"]
[SourceQuality "1"]

1. e4 g6 2. d4 Bg7 3. Nc3 d6 4. Be3 a6 5. Qd2 Nd7 6. f3 b5 7. h4 h5 8. Nh3 e6 9. 0-0-0 Ne7 10. g4 hxg4 11. fxg4 Nf6 12. Nf2 Bb7 13. Bg2 Qd7 14. Bf3 b4 15. Ne2 Qa4 16. Kb1 d5 17. e5 Ne4 18. Bxe4 dxe4 19. Rh3 0-0-0 20. Bg5 Rd7 21. Bxe7 Rxe7 22. Qe3 Rd8 23. Nxe4 Qb5 24. Rd3 Bd5 25. b3 a5 26. Nc5 f6 27. Nf4 fxe5 28. Nxg6 Rf7 29. dxe5 Qe8 30. h5 Rf1+ 31. Kb2 Qf7 32. Rd2 Rg8 33. g5 Rf5 34. Qe2 Rxe5 35. Nxe5 Qf5 36. Re3 Qxg5 37. Qa6+ Kd8 38. Nxe6+ 1-0

[Event "Dubai op 08th"]
[Site "Dubai"]
[Date "2006.04.25"]
[Round "3"]
[White "Simonenko, Sergei"]
[Black "Kacheishvili, Giorgi"]
[Result "0-1"]
[WhiteElo "2409"]
[BlackElo "2605"]
[PlyCount "121"]
[EventDate "2006.04.23"]
[EventType "swiss"]
[EventRounds "9"]
[EventCountry "UAE"]
[SourceTitle "EXT 2007"]
[Source "ChessBase"]
[SourceDate "2006.11.23"]
[SourceVersion "1"]
[SourceVersionDate "2006.11.23"]
[SourceQuality "1"]

1. d4 Nf6 2. Nf3 d5 3. e3 c5 4. dxc5 e6 5. a3 a5 6. c4 Bxc5 7. Nc3 Nc6 8. Be2 0-0 9. 0-0 dxc4 10. Bxc4 Qe7 11. Qc2 Bd7 12. b3 Bd6 13. Nb5 Ne5 14. Nxd6 Nxf3+ 15. gxf3 Qxd6 16. Bb2 Bc6 17. Be2 Qd5 18. e4 Qh5 19. Kh1 Rac8 20. Rg1 e5 21. Qd2 Nxe4 22. Qe3 Nd6 23. Rg5 Qh6 24. Rxe5 Qxe3 25. fxe3 a4 26. bxa4 Nc4 27. Bxc4 Bxf3+ 28. Kg1 Rxc4 29. Rc1 Rxc1+ 30. Bxc1 Rc8 31. Kf2 f6 32. Rb5 Be4 33. Bd2 Rc2 34. Ke2 Ra2 35. Rb4 f5 36. h4 Rxa3 37. a5 h6 38. Rb6 Bc6 39. Rb4 Kf7 40. Rd4 Kg6 41. Kf2 Kh5 42. Kg3 g6 43. Rd6 Ra4 44. Be1 Rxh4 45. a6 Ra4 46. axb7 Bxb7 47. Bc3 Rg4+ 48. Kf2 Kh4 49. Be5 Kh3 50. Bf4 h5 51. Rd7 Rg2+ 52. Ke1 Ba6 53. Ra7 Bd3 54. Rd7 Rg1+ 55. Kd2 Be4 56. Rg7 Rg4 57. Ke2 Kg2 58. Ra7 g5 59. Be5 h4 60. Ra2 Kh3 61. Rb2 0-1

[Event "Dubai op 08th"]
[Site "Dubai"]
[Date "2006.04.24"]
[Round "2"]
[White "Simonenko, Sergei"]
[Black "Nadig, Kruttika"]
[Result "1-0"]
[WhiteElo "2409"]
[BlackElo "2239"]
[PlyCount "81"]
[EventDate "2006.04.23"]
[EventType "swiss"]
[EventRounds "9"]
[EventCountry "UAE"]
[SourceTitle "EXT 2007"]
[Source "ChessBase"]
[SourceDate "2006.11.23"]
[SourceVersion "1"]
[SourceVersionDate "2006.11.23"]
[SourceQuality "1"]

1. d4 Nf6 2. Nf3 e6 3. e3 c5 4. Nbd2 Nc6 5. c3 b6 6. Bd3 Be7 7. 0-0 0-0 8. Re1 Bb7 9. e4 d6 10. a3 a5 11. Qe2 cxd4 12. cxd4 e5 13. d5 Nb8 14. b3 Na6 15. Rb1 Nc5 16. Bb5 Nfd7 17. b4 axb4 18. axb4 Na6 19. Nc4 Nab8 20. Be3 f5 21. exf5 Rxf5 22. Qd3 g6 23. Rbd1 Kg7 24. Nfd2 Ba6 25. Ra1 Qc7 26. Bxa6 Nxa6 27. Rab1 Rb8 28. Rec1 Qd8 29. Nxd6 Bxd6 30. Qxa6 e4 31. h3 Nf6 32. Qa7+ Kg8 33. Rc4 b5 34. Rc6 Rxd5 35. Bh6 Be7 36. Qa2 Kh8 37. Qb2 Rd4 38. Re1 Qd7 39. Nxe4 Rxb4 40. Nxf6 Qxc6 41. Rxe7 1-0

[Event "Asia-chT fin 14th"]
[Site "Esfahan"]
[Date "2005.12.26"]
[Round "8"]
[White "Simonenko, Sergei"]
[Black "Kunte, Abhijit"]
[Result "1/2-1/2"]
[WhiteElo "2409"]
[BlackElo "2553"]
[PlyCount "163"]
[EventDate "2005.12.21"]
[EventType "team-tourn"]
[EventRounds "10"]
[EventCountry "IRI"]
[SourceTitle "CBM 110 Extra"]
[Source "ChessBase"]
[SourceDate "2006.03.10"]
[SourceVersion "2"]
[SourceVersionDate "2006.03.10"]
[SourceQuality "1"]
[WhiteTeam "Turkmenistan"]
[BlackTeam "India"]
[WhiteTeamCountry "TKM"]
[BlackTeamCountry "IND"]

1. d4 Nf6 2. Nf3 e6 3. e3 b6 4. Bd3 Bb7 5. Nbd2 c5 6. 0-0 Be7 7. Qe2 cxd4 8. exd4 0-0 9. Re1 d6 10. c3 Re8 11. Ng5 Nbd7 12. Ndf3 Bf8 13. Qc2 g6 14. Bd2 Bg7 15. Re2 Nf8 16. Rae1 Qc7 17. h3 Rac8 18. Bf4 a6 19. Bg3 b5 20. a4 h6 21. Ne4 Nxe4 22. Bxe4 Bxe4 23. Qxe4 Nh7 24. axb5 axb5 25. Ra1 Nf6 26. Qd3 Qb6 27. Nd2 Ra8 28. Ree1 Qc6 29. Qf3 Qxf3 30. Nxf3 Bf8 31. Nd2 d5 32. Be5 Nd7 33. Bc7 Rec8 34. Ba5 Ra6 35. Nb3 Rca8 36. Bc7 b4 37. Rxa6 Rxa6 38. Ra1 Rc6 39. Ba5 bxc3 40. bxc3 Nb6 41. Bxb6 Rxb6 42. Nc1 Rb2 43. Kf1 Rc2 44. Ne2 Be7 45. Rc1 Ra2 46. c4 Ba3 47. Nc3 Rd2 48. Rd1 Rxd1+ 49. Nxd1 dxc4 50. Ne3 Bb2 51. Nxc4 Bxd4 52. Ke2 Kg7 53. Nd2 f5 54. Nf3 Bb2 55. Ne1 g5 56. g4 Kf6 57. Kf3 h5 58. gxf5 exf5 59. Nc2 Be5 60. Ne3 Bd4 61. Nc2 Bc5 62. Ne1 Ke5 63. Nd3+ Kd4 64. Ne1 Bb6 65. Kg2 Ke4 66. Nf3 Bd8 67. Nd2+ Kd3 68. Nf3 Bf6 69. Kf1 g4 70. hxg4 fxg4 71. Ne1+ Kd2 72. Ng2 Bg5 73. f3 g3 74. f4 Bf6 75. f5 Bg5 76. f6 Bxf6 77. Nf4 h4 78. Kg2 Bg7 79. Ng6 Bf6 80. Nf4 Bd8 81. Ne6 Bf6 82. Nf4 1/2-1/2

[Event "Asia-chT fin 14th"]
[Site "Esfahan"]
[Date "2005.12.25"]
[Round "7"]
[White "Sharbaf, Mohsen"]
[Black "Simonenko, Sergei"]
[Result "1-0"]
[WhiteElo "2387"]
[BlackElo "2409"]
[PlyCount "57"]
[EventDate "2005.12.21"]
[EventType "team-tourn"]
[EventRounds "10"]
[EventCountry "IRI"]
[SourceTitle "CBM 110 Extra"]
[Source "ChessBase"]
[SourceDate "2006.03.10"]
[SourceVersion "2"]
[SourceVersionDate "2006.03.10"]
[SourceQuality "1"]
[WhiteTeam "Iran II"]
[BlackTeam "Turkmenistan"]
[WhiteTeamCountry "IRI"]
[BlackTeamCountry "TKM"]

1. Nc3 g6 2. e4 Bg7 3. f4 c6 4. Bc4 d5 5. Bb3 dxe4 6. Nxe4 Nf6 7. Nxf6+ Bxf6 8. Nf3 Na6 9. d4 Bg4 10. c3 Bh4+ 11. g3 Bf6 12. 0-0 Nc7 13. Bxf7+ Kxf7 14. Ng5+ Bxg5 15. fxg5+ Bf5 16. g4 e6 17. gxf5 gxf5 18. Qh5+ Kf8 19. Qh6+ Kf7 20. Bf4 Nd5 21. Rae1 Qe7 22. Bd6 Qxd6 23. Rxf5+ Kg8 24. Rxe6 Qd7 25. Rg6+ hxg6 26. Qxg6+ Qg7 27. Qe6+ Kh7 28. Rf7 Kg8 29. Rf3+ 1-0

[Event "Asia-chT fin 14th"]
[Site "Esfahan"]
[Date "2005.12.23"]
[Round "3"]
[White "Kunte, Abhijit"]
[Black "Simonenko, Sergei"]
[Result "1/2-1/2"]
[WhiteElo "2553"]
[BlackElo "2409"]
[PlyCount "47"]
[EventDate "2005.12.21"]
[EventType "team-tourn"]
[EventRounds "10"]
[EventCountry "IRI"]
[SourceTitle "CBM 110 Extra"]
[Source "ChessBase"]
[SourceDate "2006.03.10"]
[SourceVersion "2"]
[SourceVersionDate "2006.03.10"]
[SourceQuality "1"]
[WhiteTeam "India"]
[BlackTeam "Turkmenistan"]
[WhiteTeamCountry "IND"]
[BlackTeamCountry "TKM"]

1. e4 d5 2. exd5 Qxd5 3. Nc3 Qa5 4. d4 Nf6 5. Nf3 c6 6. Bc4 Bf5 7. Bd2 e6 8. Qe2 Nbd7 9. Nd5 Qd8 10. Nxf6+ Nxf6 11. 0-0-0 Be7 12. Bg5 Bg4 13. Kb1 Qa5 14. Bc1 Qh5 15. Rd3 Rd8 16. Rhd1 Qxh2 17. Qf1 Qh5 18. Re1 Bxf3 19. gxf3 b5 20. Bb3 Bd6 21. f4 Kf8 22. Rg3 Nd5 23. Qg2 Bxf4 24. Bxd5 1/2-1/2

[Event "Asia-ch 5th"]
[Site "Hyderabad"]
[Date "2005.10.15"]
[Round "9"]
[White "Simonenko, Sergei"]
[Black "Sandipan, Chanda"]
[Result "0-1"]
[WhiteElo "2409"]
[BlackElo "2560"]
[PlyCount "48"]
[EventDate "2005.10.05"]
[EventType "swiss"]
[EventRounds "9"]
[EventCountry "IND"]
[SourceTitle "CBM 110"]
[Source "ChessBase"]
[SourceDate "2006.01.31"]
[SourceVersion "1"]
[SourceVersionDate "2006.01.31"]
[SourceQuality "1"]

1. d4 Nf6 2. c4 g6 3. Nc3 Bg7 4. e4 d6 5. Bd3 0-0 6. Nge2 Nc6 7. 0-0 e5 8. d5 Nd4 9. Nb5 Nxe2+ 10. Qxe2 Nd7 11. Be3 a6 12. Nc3 f5 13. exf5 gxf5 14. f3 Qh4 15. Kh1 Nf6 16. g3 Qh3 17. Qg2 Qh5 18. Be2 Qg6 19. Rg1 h5 20. Rac1 Bd7 21. c5 Bh6 22. Qf2 Ng4 23. fxg4 fxg4 24. Qxf8+ Rxf8 0-1

[Event "Asia-ch 5th"]
[Site "Hyderabad"]
[Date "2005.10.09"]
[Round "4"]
[White "Simonenko, Sergei"]
[Black "Roktim, Bandyopadhyay"]
[Result "0-1"]
[WhiteElo "2409"]
[BlackElo "2380"]
[PlyCount "86"]
[EventDate "2005.10.05"]
[EventType "swiss"]
[EventRounds "9"]
[EventCountry "IND"]
[SourceTitle "CBM 110"]
[Source "ChessBase"]
[SourceDate "2006.01.31"]
[SourceVersion "1"]
[SourceVersionDate "2006.01.31"]
[SourceQuality "1"]

1. Nf3 d6 2. d4 Nf6 3. c4 g6 4. Nc3 Bg7 5. e4 0-0 6. Be2 Bg4 7. Be3 Nfd7 8. Ng1 Bxe2 9. Ngxe2 c5 10. 0-0 cxd4 11. Nxd4 Nc6 12. Rc1 Rc8 13. b3 a6 14. Nd5 e6 15. Nc3 Qe7 16. Qd2 Rfd8 17. Rfd1 Nce5 18. Bg5 Bf6 19. Bxf6 Nxf6 20. h3 Nc6 21. Nf3 b5 22. cxb5 axb5 23. Qe3 b4 24. Na4 Na7 25. Qb6 d5 26. e5 Ne4 27. Nd4 Kg7 28. g3 Rxc1 29. Rxc1 Rc8 30. Rxc8 Nxc8 31. Qb8 Na7 32. h4 Nc3 33. Nxc3 bxc3 34. b4 Qd7 35. Kh2 Nc6 36. Qb5 Qa7 37. Qxc6 Qxd4 38. Kg2 Qc4 39. Qd6 c2 40. Qe7 Qe4+ 41. Kh2 Qxe5 42. Qc5 Qb2 43. h5 c1Q 0-1

[Event "Abu Dhabi op 15th"]
[Site "Abu Dhabi"]
[Date "2005.08.22"]
[Round "8"]
[White "Safarli, Eltaj"]
[Black "Simonenko, Sergei"]
[Result "1-0"]
[WhiteElo "2335"]
[BlackElo "2431"]
[PlyCount "59"]
[EventDate "2005.08.14"]
[EventType "swiss"]
[EventRounds "9"]
[EventCountry "UAE"]
[SourceTitle "CBM 107 Extra"]
[Source "ChessBase"]
[SourceDate "2005.09.01"]
[SourceVersion "1"]
[SourceVersionDate "2005.09.01"]
[SourceQuality "1"]

1. e4 g6 2. d4 Bg7 3. Nc3 d6 4. g3 Nf6 5. Bg2 0-0 6. Nge2 e5 7. h3 c6 8. a4 a5 9. 0-0 Na6 10. Be3 Nb4 11. f4 exd4 12. Bxd4 Re8 13. Qd2 d5 14. e5 Nd7 15. g4 b6 16. Ng3 Ba6 17. Rfe1 Qc7 18. Kh2 Re7 19. Bf2 Rae8 20. g5 Nc5 21. Nd1 Ne6 22. f5 gxf5 23. Nxf5 Bxe5+ 24. Kh1 Rd7 25. Bxb6 Bf4 26. Qd4 Qxb6 27. Rxe6 fxe6 28. Nh6+ Kf8 29. Qf6+ Rf7 30. Qxf7# 1-0

[Event "Abu Dhabi op 15th"]
[Site "Abu Dhabi"]
[Date "2005.08.15"]
[Round "2"]
[White "Anastasian, Ashot"]
[Black "Simonenko, Sergei"]
[Result "1-0"]
[WhiteElo "2595"]
[BlackElo "2431"]
[PlyCount "85"]
[EventDate "2005.08.14"]
[EventType "swiss"]
[EventRounds "9"]
[EventCountry "UAE"]
[SourceTitle "CBM 107 Extra"]
[Source "ChessBase"]
[SourceDate "2005.09.01"]
[SourceVersion "1"]
[SourceVersionDate "2005.09.01"]
[SourceQuality "1"]

1. c4 e5 2. g3 Nf6 3. Bg2 d5 4. cxd5 Nxd5 5. Nc3 Nb6 6. Nf3 Nc6 7. 0-0 Be7 8. d3 0-0 9. Be3 Be6 10. Qd2 f6 11. Rfc1 Qe8 12. Qd1 Rf7 13. Nd2 Bf8 14. Na4 Nxa4 15. Qxa4 Nd4 16. Qxe8 Rxe8 17. Bxd4 exd4 18. Bxb7 Rb8 19. Bf3 Rxb2 20. Nb3 Rd7 21. h4 Bxb3 22. axb3 c5 23. Ra6 g5 24. hxg5 fxg5 25. Rca1 Rxb3 26. Bg4 Re7 27. Be6+ Rxe6 28. Rxe6 Rb7 29. Rea6 c4 30. dxc4 Rc7 31. Rxa7 Rxc4 32. Rd7 Rc8 33. Ra5 h6 34. Rxd4 Kf7 35. Ra6 Rc7 36. Kg2 Bg7 37. Rd5 Re7 38. e3 Rb7 39. g4 Re7 40. Rda5 Re8 41. Ra7+ Kg6 42. R5a6+ Bf6 43. Ra8 1-0

[Event "Condom op 4th"]
[Site "Condom"]
[Date "2005.07.14"]
[Round "7"]
[White "David, Vincent"]
[Black "Simonenko, Sergei"]
[Result "1/2-1/2"]
[WhiteElo "2277"]
[BlackElo "2431"]
[PlyCount "117"]
[EventDate "2005.07.09"]
[EventType "swiss"]
[EventRounds "9"]
[EventCountry "FRA"]
[SourceTitle "CBM 107 Extra"]
[Source "ChessBase"]
[SourceDate "2005.09.01"]
[SourceVersion "1"]
[SourceVersionDate "2005.09.01"]
[SourceQuality "1"]

1. d4 Nf6 2. c4 g6 3. Nf3 Bg7 4. g3 0-0 5. Bg2 d5 6. cxd5 Nxd5 7. 0-0 Nb6 8. Nc3 Nc6 9. d5 Na5 10. Qc2 Bd7 11. Rd1 Rc8 12. Qe4 Nac4 13. Qh4 Nd6 14. e4 Nbc4 15. Bh6 f6 16. Bxg7 Kxg7 17. b3 Ne5 18. Nxe5 fxe5 19. Qg5 Nf7 20. Qe3 a5 21. Rac1 Ra8 22. Rd2 Qb8 23. Qc5 Nd6 24. Nd1 Rc8 25. Qc3 Nf7 26. Qc5 Kf8 27. Rdc2 c6 28. Qe3 Qa7 29. Qe1 c5 30. Qe3 b6 31. a4 Kg8 32. Nb2 Rf8 33. Nc4 Qc7 34. Rd2 Rad8 35. Qc3 Bc8 36. Re1 Ba6 37. Ne3 h5 38. h4 Bc8 39. Nc4 Kh7 40. Kh2 Ba6 41. Ne3 Rd6 42. Bf1 Bc8 43. Bh3 Bxh3 44. Kxh3 Rf6 45. Kg2 Rg8 46. Nc4 Qb8 47. Rde2 Rg7 48. Rh1 Kg8 49. Kf1 g5 50. hxg5 Rxg5 51. Re3 Kg7 52. Rf3 Rxf3 53. Qxf3 Kg6 54. Qe3 Nd6 55. f4 Nxc4 56. bxc4 exf4 57. gxf4 Rg4 58. f5+ Kf6 59. Rxh5 1/2-1/2

[Event "Condom op 4th"]
[Site "Condom"]
[Date "2005.07.10"]
[Round "3"]
[White "Lejarre, Ludovic"]
[Black "Simonenko, Sergei"]
[Result "0-1"]
[WhiteElo "2332"]
[BlackElo "2431"]
[PlyCount "74"]
[EventDate "2005.07.09"]
[EventType "swiss"]
[EventRounds "9"]
[EventCountry "FRA"]
[SourceTitle "CBM 107 Extra"]
[Source "ChessBase"]
[SourceDate "2005.09.01"]
[SourceVersion "1"]
[SourceVersionDate "2005.09.01"]
[SourceQuality "1"]

1. e4 g6 2. d4 Bg7 3. Nc3 c6 4. Nf3 d6 5. Be3 Nd7 6. Qd2 Ngf6 7. Bh6 0-0 8. 0-0-0 b5 9. Bxg7 Kxg7 10. e5 Ne8 11. h4 h5 12. e6 fxe6 13. Bd3 Nef6 14. Ne2 Rg8 15. Qg5 Qe8 16. g4 Nh7 17. Qf4 e5 18. dxe5 Rf8 19. Qg3 Rxf3 20. Qxf3 Nxe5 21. Qe3 Bxg4 22. f4 Nxd3+ 23. Rxd3 Nf6 24. Re1 Qf7 25. Nc3 Bf5 26. Rd2 b4 27. Ne2 Qxa2 28. Qxe7+ Kh6 29. Rd4 Qa1+ 30. Kd2 Qxb2 31. Qxf6 Qxc2+ 32. Ke3 Re8+ 33. Kf2 Bg4 34. f5 Rxe2+ 35. Rxe2 Qxe2+ 36. Kg1 Qe3+ 37. Kg2 Bf3+ 0-1

[Event "La Fere op 4th"]
[Site "La Fere"]
[Date "2005.07.06"]
[Round "7"]
[White "Simonenko, Sergei"]
[Black "Malakhatko, Vadim"]
[Result "0-1"]
[WhiteElo "2431"]
[BlackElo "2556"]
[PlyCount "88"]
[EventDate "2005.07.02"]
[EventType "swiss"]
[EventRounds "9"]
[EventCountry "FRA"]
[SourceTitle "CBM 107 Extra"]
[Source "ChessBase"]
[SourceDate "2005.09.01"]
[SourceVersion "1"]
[SourceVersionDate "2005.09.01"]
[SourceQuality "1"]

1. d4 Nf6 2. Nf3 d5 3. c4 e6 4. g3 dxc4 5. Qa4+ Nbd7 6. Nc3 a6 7. Bg5 Be7 8. Bxf6 Bxf6 9. Qxc4 0-0 10. Bg2 Rb8 11. 0-0 b5 12. Qd3 c5 13. Rfd1 cxd4 14. Nxd4 Ne5 15. Qc2 Qb6 16. a4 Bd7 17. axb5 axb5 18. Ne4 Be7 19. h4 Rfc8 20. Qb1 h6 21. e3 Rc7 22. Qa2 Nc4 23. Qb3 e5 24. Nc3 exd4 25. Nd5 Qc5 26. exd4 Qd6 27. Nxc7 Qxc7 28. Ra6 Bc8 29. Rc6 Qa7 30. Bd5 Bd7 31. Rg6 Nd6 32. Qf3 Kh8 33. Bxf7 Rf8 34. Rxd6 Bxd6 35. Qd5 Bg4 36. Bh5 Bxh5 37. Qxd6 Qf7 38. Rd2 Bf3 39. Kh2 Re8 40. d5 Re1 41. Qb8+ Kh7 42. g4 Rh1+ 43. Kg3 Rg1+ 44. Kh3 h5 0-1

[Event "Moratalaz op 17th"]
[Site "Madrid"]
[Date "2001.10.20"]
[Round "4"]
[White "Valles Moreno, Ivan"]
[Black "Simonenko, Sergei"]
[Result "1/2-1/2"]
[WhiteElo "2181"]
[BlackElo "2419"]
[PlyCount "99"]
[EventDate "2001.10.17"]
[EventType "swiss"]
[EventRounds "9"]
[EventCountry "ESP"]
[SourceTitle "CBM 084 Extra"]
[Source "ChessBase"]
[SourceDate "2001.10.26"]
[SourceVersion "1"]
[SourceVersionDate "2001.10.26"]
[SourceQuality "1"]

1. d4 Nf6 2. c4 g6 3. Nc3 d5 4. Bg5 Ne4 5. Bh4 Nxc3 6. bxc3 dxc4 7. e3 Be6 8. Nf3 c6 9. Ng5 Qa5 10. Qd2 Bd5 11. e4 h6 12. exd5 hxg5 13. dxc6 Nxc6 14. Bxg5 b5 15. Be2 Rd8 16. 0-0 Bg7 17. Rfe1 Qc7 18. h4 Kf8 19. Qe3 Nxd4 20. cxd4 Bxd4 21. Qe4 f6 22. Bf4 e5 23. Rad1 Qe7 24. Qxg6 Qg7 25. Qxg7+ Kxg7 26. Be3 Rxh4 27. g3 Rhh8 28. a4 a6 29. axb5 axb5 30. Rb1 Rb8 31. Rec1 Rhc8 32. Rb4 f5 33. Rcb1 Bxe3 34. fxe3 c3 35. Rc1 Rc5 36. Kf2 e4 37. Rc2 Kf6 38. g4 Ke6 39. gxf5+ Kxf5 40. Bf1 Ke5 41. Bg2 Rc4 42. Rxc4 bxc4 43. Rxc3 Rb2+ 44. Kg3 Rb3 45. Rxc4 Rxe3+ 46. Kf2 Ra3 47. Rxe4+ Kf5 48. Bf3 Ra1 49. Rd4 Ra5 50. Kg3 1/2-1/2

[Event "Lisbon op"]
[Site "Lisbon"]
[Date "2001.08.28"]
[Round "8"]
[White "Fargere, Francois"]
[Black "Simonenko, Sergei"]
[Result "0-1"]
[WhiteElo "2201"]
[BlackElo "2419"]
[PlyCount "88"]
[EventDate "2001.08.21"]
[EventType "swiss"]
[EventRounds "9"]
[EventCountry "POR"]
[SourceTitle "EXT 2002"]
[Source "ChessBase"]
[SourceDate "2001.11.25"]
[SourceVersion "1"]
[SourceVersionDate "2001.11.25"]
[SourceQuality "1"]

1. e4 d6 2. d4 Nf6 3. Nc3 g6 4. Nf3 Bg7 5. Be2 0-0 6. 0-0 c6 7. h3 Nbd7 8. e5 Ne8 9. Bf4 dxe5 10. dxe5 Nc7 11. Re1 Ne6 12. Bg3 b5 13. a4 b4 14. Ne4 Qa5 15. Ned2 Bh6 16. Nc4 Qc7 17. Nd4 Ndc5 18. Nxe6 Nxe6 19. Bd3 Rd8 20. b3 c5 21. Qe2 Bb7 22. Be4 Rd4 23. Bxb7 Qxb7 24. Rad1 Rad8 25. f3 Qd5 26. Rxd4 Nxd4 27. Qd3 Rd7 28. Bf2 Qa8 29. Bxd4 Rxd4 30. Qe2 Qd5 31. Kh1 Bf4 32. Kg1 Bg3 33. Rf1 h5 34. Rb1 Qd7 35. Kh1 Kg7 36. Rf1 Qf5 37. Rd1 Bxe5 38. Nxe5 Rxd1+ 39. Qxd1 Qxe5 40. Kg1 Qd4+ 41. Qxd4+ cxd4 42. Kf2 Kf6 43. Ke2 Ke5 44. Kd3 Kd5 0-1

[Event "Lisbon op"]
[Site "Lisbon"]
[Date "2001.08.25"]
[Round "5"]
[White "Felizes, Paulo Alberto"]
[Black "Simonenko, Sergei"]
[Result "0-1"]
[WhiteElo "2134"]
[BlackElo "2419"]
[PlyCount "64"]
[EventDate "2001.08.21"]
[EventType "swiss"]
[EventRounds "9"]
[EventCountry "POR"]
[SourceTitle "EXT 2002"]
[Source "ChessBase"]
[SourceDate "2001.11.25"]
[SourceVersion "1"]
[SourceVersionDate "2001.11.25"]
[SourceQuality "1"]

1. d4 g6 2. e4 Bg7 3. h4 c5 4. dxc5 Qa5+ 5. c3 Qxc5 6. Be3 Qc6 7. Nd2 Nf6 8. Bd3 0-0 9. Nh3 d5 10. f3 e5 11. Qe2 Nbd7 12. exd5 Nxd5 13. Be4 f5 14. Bxd5+ Qxd5 15. 0-0-0 Qxa2 16. h5 Nb6 17. hxg6 hxg6 18. Ng5 Na4 19. Qc4+ Qxc4 20. Nxc4 b5 21. Na5 f4 22. Nc6 Bf6 23. Nh7 fxe3 24. Rd6 Bg7 25. Ne7+ Kf7 26. Nxg6 Rg8 27. g4 Nc5 28. Ng5+ Ke8 29. Rd5 Ne6 30. Ne4 Nc7 31. Nd6+ Kd7 32. Rd3 Ke6 0-1

[Event "Narciso Yepes op"]
[Site "Lorca"]
[Date "2001.06.28"]
[Round "6"]
[White "Simonenko, Sergei"]
[Black "Komljenovic, Davorin"]
[Result "1-0"]
[WhiteElo "2452"]
[BlackElo "2472"]
[PlyCount "53"]
[EventDate "2001.06.25"]
[EventType "swiss"]
[EventRounds "9"]
[EventCountry "ESP"]
[SourceTitle "EXT 2002"]
[Source "ChessBase"]
[SourceDate "2001.11.25"]
[SourceVersion "1"]
[SourceVersionDate "2001.11.25"]
[SourceQuality "1"]

1. d4 d5 2. c4 c6 3. Nf3 e6 4. Qc2 Nf6 5. g3 Be7 6. Bg2 0-0 7. 0-0 b6 8. Rd1 Nbd7 9. b3 Bb7 10. Nc3 Qc8 11. Bb2 b5 12. a3 bxc4 13. bxc4 dxc4 14. e4 Nb6 15. e5 Nfd7 16. Ne4 c5 17. dxc5 Nxc5 18. Nf6+ gxf6 19. exf6 Bxf6 20. Bxf6 Ne4 21. Bd4 Qc7 22. Ne5 f5 23. Qc1 Qe7 24. Qh6 Rf6 25. Qh4 Raf8 26. Bxb6 Bd5 27. Bd4 1-0

[Event "Coria del Rio op 7th"]
[Site "Coria del Rio"]
[Date "2001.02.21"]
[Round "8"]
[White "Munoz Martin, Pablo"]
[Black "Simonenko, Sergei"]
[Result "0-1"]
[WhiteElo "2223"]
[BlackElo "2463"]
[PlyCount "36"]
[EventDate "2001.02.14"]
[EventType "swiss"]
[EventRounds "9"]
[EventCountry "ESP"]
[SourceTitle "CBM 080 Extra"]
[Source "ChessBase"]
[SourceDate "2001.03.08"]
[SourceVersion "1"]
[SourceVersionDate "2001.03.08"]
[SourceQuality "1"]

1. d4 Nf6 2. c4 c6 3. Nc3 d5 4. cxd5 cxd5 5. Bg5 Ne4 6. Nxe4 dxe4 7. Bf4 e6 8. a3 Nc6 9. e3 Qa5+ 10. Qd2 Bb4 11. axb4 Qxa1+ 12. Ke2 e5 13. Bg5 f6 14. d5 fxg5 15. dxc6 Be6 16. Qc2 Rd8 17. b3 Qa6+ 18. Ke1 Qxc6 0-1

[Event "Coria del Rio op 7th"]
[Site "Coria del Rio"]
[Date "2001.02.19"]
[Round "6"]
[White "Simonenko, Sergei"]
[Black "Molina, Jorge"]
[Result "1-0"]
[WhiteElo "2463"]
[BlackElo "2195"]
[PlyCount "90"]
[EventDate "2001.02.14"]
[EventType "swiss"]
[EventRounds "9"]
[EventCountry "ESP"]
[SourceTitle "CBM 080 Extra"]
[Source "ChessBase"]
[SourceDate "2001.03.08"]
[SourceVersion "1"]
[SourceVersionDate "2001.03.08"]
[SourceQuality "1"]

1. d4 Nf6 2. Nf3 e6 3. c4 d5 4. g3 c5 5. cxd5 exd5 6. Bg2 Nc6 7. 0-0 Be7 8. Nc3 0-0 9. Be3 c4 10. Ne5 Bb4 11. Bg5 Bxc3 12. bxc3 h6 13. Nxc6 bxc6 14. Bxf6 Qxf6 15. e4 dxe4 16. Bxe4 Bf5 17. Re1 Rfe8 18. Qc2 Bxe4 19. Rxe4 Rxe4 20. Qxe4 Rb8 21. Re1 Rb2 22. Re2 Rb8 23. Kg2 a5 24. Qe5 Qd8 25. Qc5 Qd5+ 26. Qxd5 cxd5 27. Re5 Rb2 28. Rxd5 Rxa2 29. Rd8+ Kh7 30. Rc8 a4 31. Rxc4 a3 32. Ra4 Ra1 33. c4 a2 34. c5 Kg6 35. c6 Kf6 36. Kf3 Rc1 37. Rxa2 Rxc6 38. Ke4 h5 39. h4 Re6+ 40. Kd5 g5 41. hxg5+ Kxg5 42. Kc5 Re8 43. d5 f5 44. d6 f4 45. d7 Rh8 1-0